000 00783nam a2200265Ia 4500
003 OSt
005 20220928131614.0
006 a|||||r|||| 00| 0
007 ta
008 220927b |||||||| |||| 00| 0 eng d
020 _c795
024 _a110054
037 _b49, 27/08/2010, Sunrise Books
_cTextual
040 _aSDCL
_cSDCL
_beng
041 _2eng
_aeng
082 _aQ7.43'P, Q0
100 _aKassam Tazim R Ed.
_9479204
245 0 _aGinans
_b Texts and contexts.
260 _aDelhi
_bPrimus Books
_c2010
300 _axxvi,225p.
_ccm.
650 _aHistory
700 _a Mallison Francoise Ed.
_9479205
942 _hQ7.43'P, Q0
_cTEXL
_2CC
999 _c791650
_d791650